Statistiques concernant Surnoms des Pokémon légendaires

Cliquez ici pour prendre le quiz!

Statistiques générales

  • Ce quiz a été pris 104 fois
  • Le résultat moyen est 36 sur 66

Statistiques - réponses

HintRéponse% Correct
Oiseau légendaire de glaceArtikodin
74%
Colosse de glaceRegice
74%
Roi des colossesRegigigas
74%
Colosse de ferRegisteel
74%
Oiseau légendaire de feuSulfura
74%
Oiseau légendaire de foudreElecthor
72%
Pokémon ancestral, créateur des océansKyogre
72%
Pokémon cosmique de la luneLunala
72%
Pokémon ancestral, gardien des cieux et protecteur de la TerreRayquaza
72%
Fauve légendaire de feuEntei
71%
Fauve légendaire de foudreRaikou
71%
Colosse dragonRegidrago
71%
Colosse de rocheRegirock
71%
Fauve légendaire de l'eauSuicune
71%
Créateur du tempsDialga
67%
Colosse de foudreRegieleki
67%
Pokémon cosmique du soleilSolgaleo
67%
Héros de Galar épéeZacian
67%
Héros de Galar bouclierZamazenta
67%
Génie du VentBoréas
66%
Créateur de l'espacePalkia
62%
Génie de l'amourAmovénus
60%
Génie de la FoudreFulguris
60%
Pokémon ancestral, créateur des continentsGroudon
60%
Pokémon VolcanHeatran
60%
Dragon légendaire de la glaceKyurem
60%
Dragon légendaire du feuReshiram
60%
Destrier du FroidBlizzeval
59%
Monture rougeKoraidon
59%
Dragon légendaire de l'éclairZekrom
59%
Gardien de l'arc-en-cielHo Oh
57%
Destrier de l'EffroiSpectreval
57%
Gardien du Lac CourageCréfadet
55%
Gardien du lac SavoirCréhelf
55%
Force brute des Lames de la JusticeTerrakium
55%
Eon bleuLatios
53%
Monture violetteMiraidon
53%
Pokémon Kung-FuWushours
53%
Force furtive des Lames de la JusticeViridium
52%
Eon rougeLatias
50%
Pokémon GénétiqueMewtwo
50%
Pokémon MultigénomeType:0
50%
Protecteur de la VieXerneas
50%
Chef des Lames de la JusticeCobaltium
48%
Gardien du lac VéritéCréfollet
48%
Gardien des abyssesLugia
48%
Pokémon Kung-Fu(évolution)Shifours
48%
Créateur de l'antimatièreGiratina
45%
Pokémon Multigénome (évolution)Silvallié
43%
Divinité gardienne de Mele-MeleTokorico
41%
Epée du FléauBaojian
40%
Pokémon cosmique PrismeNecrozma
40%
Pokémon de l'AnnihilationYveltal
40%
Bois du FléauChongjian
38%
Pokémon LunaireCresselia
38%
Génie de la FéconditéDémétéros
38%
Pokémon cosmique Proto-EtoileCosmovum
36%
Pokémon GigaEthernatos
36%
Divinité gardienne de Ula-UlaTokotoro
36%
Divinité gardienne de PoniTokopisco
34%
Divinité gardienne d'AkalaTokopiyon
34%
cosmique NébuleuseCosmog
33%
Ume du FléauDinglu
33%
Perles du fléauYuyu
33%
Gardien de l'EcosystèmeZygarde
33%
Seigneur des récoltesSylveroy
26%

Distribution des résultats

Percentile par nombre de réponses

% des personnes avec chaque résultat

Votre développement - résultats

Vous n’avez pas pris ce quiz